| 000 | 00562nam a2200181 u 4500 | ||
|---|---|---|---|
| 005 | 20210223132532.0 | ||
| 008 | 150212s2005 mx r 000 0 spa d | ||
| 020 | _a0805066276 | ||
| 035 | _aUPN01000201689 | ||
| 049 | _aI | ||
| 050 | 4 |
_aML3930 M9 _bC6.5 |
|
| 100 | 1 |
_aCostanza, Stephen _937763 |
|
| 245 | 1 | 0 |
_aMozart encuentra una melodía / _cStephen Costanza ; tr. Rubén Heredia Vázquez. |
| 260 |
_aMéxico : _bMacmillan, _c2005. |
||
| 300 |
_a34 p. : _bil. col. |
||
| 600 | 1 | 4 |
_aMOZART, WOLFGANG AMADEUS, _d1756-1791 - _vANECDOTAS _924127 |
| 905 | _aInfantil | ||
| 999 |
_c173790 _d173790 |
||